000 00524nam a2200181Ia 4500
008 090123s9999 xx 000 0 und d
082 _b8011
100 _aबंधु माधव
245 _aपेटलेले आकाश
250 _a1
260 _bप्रिया प्रकाशन
300 _a191
600 _aबंधु माधव
630 _aपेटलेले आकाश
700 _aबंधु माधव
730 _aपेटलेले आकाश
942 _cBOOK
999 _c46077
_d46077